Logo BPK

Bibliografia Prac Pracowników

Politechniki Koszalińskiej

Pola prędkości i temperatur powietrza w chłodniczych wymiennikach ciepła / (Rekord nr 428)

Szczegóły MARC
000 -ETYKIETA REKORDU
podpole kontrolne o stałej długości 01152nab a2200229 i 4500
001 - NUMER KONTROLNY REKORDU
podpole kontrolne BPP
003 - IDENTYFIKATOR NUMERU KONTROLNEGO REKORDU
podpole kontrolne BPK
005 - DATA OSTATNIEJ MODYFIKACJI REKORDU
podpole kontrolne 20180412112417.0
008 - POLE O STAŁEJ DŁUGOŚCI - DANE KONTROLNE
podpole kontrolne o stałej długości 140219s1995 pl f |100 0 pol |
040 ## - ŹRÓDŁO KATALOGOWANIA
Instytucja, która utworzyła rekord BPK
100 ## - NAZWA OSOBOWA
Nazwa osobowa CZAPP, Marian.
Lata pracy 1982 - 1996.
Instytucja Wyższa Szkoła Inżynierska w Koszalinie - Wydział Mechaniczny,
Wydział Zakład Termodynamiki i Chłodnictwa
245 ## - TYTUŁ/ODPOWIEDZIALNOŚĆ
Tytuł Pola prędkości i temperatur powietrza w chłodniczych wymiennikach ciepła /
Pozostałe elementy strefy tytułu i oznaczenia odpowiedzialności Marian Czapp, Tadeusz Bohdal, Henryk Charun.
260 ## - STREFA ADRESU WYDAWNICZEGO
Data publikacji, dystrybucji/powstania dokumentu 1995.
500 ## - UWAGI OGÓLNE
Tekst uwagi Dane z bibliografii załącznikowej.
650 #0 - HASŁO PRZEDMIOTOWE W FORMIE NAZWY OGÓLNEJ LUB JEDNOSTKOWEJ
Nazwa ogólna lub geograficzna Chłodnictwo - urządzenia.
655 #0 - TERMIN INDEKSOWY - OKREŚLENIE RODZAJU/FORMY DOKUMENTU
Określnie rodzaju/formy dokumentu Materiały konferencyjne.
700 ## - HASŁO DODATKOWE - NAZWA OSOBOWA
Nazwa osobowa BOHDAL, Tadeusz.
Lata pracy 1976 - 1996.
Instytucja Wyższa Szkoła Inżynierska w Koszalinie - Wydział Mechaniczny,
Wydział Zakład Termodynamiki i Chłodnictwa
773 ## - TYTUŁ DOKUMENTU MACIERZYSTEGO
Tytuł Materiały XXVII Poznańskich Dni Chłodnictwa. -
Adres wydawniczy Poznań, 1995. -
Informacje dotyczące relacji s. 17
711 ## - HASŁO DODATKOWE - NAZWA IMPREZY
Nazwa imprezy Dni Chłodnictwa
Oznaczenie części/sekcji dzieła (27 ;
Data imprezy 1995 ;
Miejsce imprezy Poznań, Polska).
700 ## - HASŁO DODATKOWE - NAZWA OSOBOWA
Nazwa osobowa CHARUN, Henryk.
Lata pracy 1982 - 1996.
Instytucja Wyższa Szkoła Inżynierska w Koszalinie - Wydział Mechaniczny,
Wydział Zakład Termodynamiki i Chłodnictwa
942 ## - HASŁO DODATKOWE - ELEMENTY(KOHA)
Typ dokumentu Artykuł
Schemat klasyfikacji Uniwersalna klasyfikacja dziesiętna

Brak dostępnych egzemplarzy.

© 2014 Biblioteka Politechniki Koszalińskiej :: BIBLIOGRAFIA PRAC PRACOWNIKÓW